Finance and Business Administration in Canada

Gespeichert in:
Bibliographische Detailangaben
1. Verfasser: Potter, C.C
Format: Buch
Sprache:Englisch
Veröffentlicht: Scarborough Prentice-Hall of Canada 1966
Ausgabe:1. ed.
Schlagworte:
Tags: Tag hinzufügen
Keine Tags, Fügen Sie das erste Tag hinzu!

MARC

LEADER 00000nam a2200000 4500
001 c002005
005 20221220103208.4
041 0 |a eng 
044 |a US 
245 1 0 |a Finance and Business Administration in Canada  |c C.C. Potter 
250 |a 1. ed. 
264 1 |a Scarborough  |b Prentice-Hall of Canada  |c 1966 
300 |a 578 s. 
610 2 0 |a financie podnikové 
610 2 0 |a podnik 
610 2 0 |a riadenie podnikové 
610 2 0 |a Kanada 
610 2 0 |a združenia podnikov 
610 2 0 |a zdroje finančné 
610 2 0 |a investície 
610 2 0 |a plánovanie finančné 
610 2 0 |a manažment 
610 2 0 |a kapitál 
610 2 0 |a dlhy 
610 2 0 |a akcie 
100 1 |a Potter, C.C.